[Event "Kadetska liga - fantje"]
[Site "Nova Gorica"]
[Date "2019.05.26"]
[Round "4"]
[White "Mitic, Andrija"]
[Black "Anzelj, Tim"]
[Result "1-0"]
[WhiteElo "1045"]
[BlackElo "1539"]
[PlyCount "77"]
[EventDate "2019.05.26"]

1. d4 e6 2. e3 d6 3. Bd3 Ne7 4. Bd2 Nd7 5. Nc3 b6 6. Qf3 Rb8 7. Ne4 Nc6 8. Ng5
Qxg5 9. Nh3 Qd8 10. e4 Nxd4 11. Qf4 e5 12. Qe3 Ba6 13. c4 Bxc4 14. O-O Nc5 15.
Bxc4 Nc2 16. Qf3 Qd7 17. Ng5 f6 18. Qh5+ g6 19. Bf7+ Ke7 20. Qf3 f5 21. exf5
gxf5 22. Bf4 exf4 23. Qe2+ Kd8 24. Be6 Nd4 25. Nf7+ Kc8 26. Bxd7+ Kxd7 27. Qc4
Bg7 28. Nxh8 Bxh8 29. Qf7+ Kc6 30. Rfd1 Ne2+ 31. Kh1 Ne4 32. Qc4+ Kd7 33. Qxe2
Bxb2 34. Qxb2 Re8 35. Qb5+ Ke7 36. Re1 Kf7 37. Qxf5+ Nf6 38. Rxe8 Kxe8 39. Qxf6
{......} 1-0